000 00964nam a2200241Ia 4500
008 100315s9999 xx 000 0 und d
040 _cENGLISH 
082 _b4419 
_a344.01 
100 _aLabour Law Agency
245 _a"THE MAHARASHTRA WORKMEN'S MINIMUM HOUSE - RENT ALLOUNCE ACT,1983 WITH RULES 1990 ."
260 _aBombay 
_bLabour Law Agency  
_c2003 
300 _a26P 
365 _eRupees 
_d
_b17.00 
366 _f15 
505 _gDBH 
530 _bLAXMI BOOK DEPOT 520/26-05-2003 
_a520/26-05-2003 
536 _a01/04/2003-31/03/2004 
620 _a"Appointment of Controlling Authority, Responsibility for Payment of Bonus, Penalties for Offences, Register of Workmen "
630 _a"THE MAHARASHTRA WORKMEN'S MINIMUM HOUSE - RENT ALLOUNCE ACT,1983 WITH RULES 1990 ."
650 _aLabour law 
730 _a"THE MAHARASHTRA WORKMEN'S MINIMUM HOUSE - RENT ALLOUNCE ACT,1983 WITH RULES 1990 ."
942 _cBOOK
999 _c479154
_d479151